[Event "RUS-ch blitz"]
[Site "Sochi"]
[Date "2018.10.07"]
[Round "8.36"]
[White "Gutenev, Alexander"]
[Black "Cherenkov, Andrey"]
[Result "1-0"]
[WhiteElo "2456"]
[BlackElo "2226"]
[PlyCount "141"]
[EventDate "2018.10.07"]
[EventType "swiss (blitz)"]
[EventRounds "20"]
[EventCountry "RUS"]
[SourceTitle "CBM 186 Extra"]
[Source "ChessBase"]
[SourceDate "2018.08.24"]
[SourceVersion "1"]
[SourceVersionDate "2018.08.24"]
[SourceQuality "1"]

1. e4 c6 2. d4 d5 3. Nd2 dxe4 4. Nxe4 Bf5 5. Ng3 Bg6 6. h4 h6 7. Nf3 Nd7 8. h5 Bh7 9. Bd3 Bxd3 10. Qxd3 e6 11. Bd2 Qc7 12. 0-0-0 Bd6 13. Ne4 Bf4 14. Bxf4 Qxf4+ 15. Kb1 0-0-0 16. g3 Qc7 17. c4 Ngf6 18. Nc3 e5 19. dxe5 Nxe5 20. Qf5+ Ned7 21. Rhe1 Rhe8 22. g4 Kb8 23. g5 hxg5 24. Nxg5 Nb6 25. b3 Rxe1 26. Rxe1 Nxh5 27. Nxf7 Rf8 28. Qxh5 Qxf7 29. Qe5+ Qc7 30. Qxc7+ Kxc7 31. Re7+ Nd7 32. Ne4 Kd8 33. Rxg7 Rf4 34. Nd6 Rxf2 35. Nxb7+ Kc8 36. Na5 Kc7 37. Rg6 Ne5 38. Re6 Re2 39. Nxc6 Re1+ 40. Kc2 Nf3 41. Rxe1 Nxe1+ 42. Kd1 Nd3 43. Nd4 Kb6 44. Kd2 Ne5 45. Kc3 a5 46. a3 Kc5 47. Nc2 Kb6 48. Ne3 Nc6 49. Nd5+ Kc5 50. b4+ axb4+ 51. axb4+ Kd6 52. Ne3 Ne5 53. Nf5+ Kc6 54. Nd4+ Kb6 55. c5+ Ka6 56. Kb3 Kb7 57. b5 Nd3 58. Kc4 Nb2+ 59. Kd5 Nd3 60. Nf5 Nf4+ 61. Kc4 Kc7 62. Ne3 Ne6 63. Nd5+ Kb7 64. c6+ Kc8 65. b6 Kb8 66. Kb5 Nd4+ 67. Kc5 Ne6+ 68. Kd6 Nd4 69. Ne7 Nb5+ 70. Kd7 Ka8 71. c7 1-0

[Event "RUS GP rap"]
[Site "Serpukhov"]
[Date "2018.02.24"]
[Round "9"]
[White "Cherenkov, Andrey"]
[Black "Sakun, Volodymyr"]
[Result "1-0"]
[WhiteElo "2177"]
[BlackElo "2330"]
[PlyCount "121"]
[EventDate "2018.02.23"]
[EventType "swiss (rapid)"]
[EventRounds "11"]
[EventCountry "RUS"]
[SourceTitle "CBM 183 Extra"]
[Source "ChessBase"]
[SourceDate "2018.04.19"]
[SourceVersion "1"]
[SourceVersionDate "2018.04.19"]
[SourceQuality "1"]

1. e4 c5 2. Nc3 Nc6 3. g3 g6 4. Bg2 Bg7 5. d3 d6 6. Be3 Nf6 7. h3 0-0 8. f4 Nd4 9. Nf3 Ne8 10. Qd2 Rb8 11. Nd1 b5 12. c3 Nxf3+ 13. Bxf3 b4 14. g4 bxc3 15. bxc3 f5 16. gxf5 gxf5 17. Rg1 Kh8 18. e5 Bb7 19. Bh5 Nc7 20. Rb1 Bc6 21. Rxb8 Qxb8 22. Qf2 Be8 23. Bf3 Bg6 24. d4 cxd4 25. cxd4 Qb4+ 26. Bd2 Qc4 27. Nc3 Rb8 28. Bd1 Qf7 29. Bb3 Qe8 30. h4 Bh5 31. Nd1 Bf7 32. Bc2 Bxa2 33. Bxf5 Bb1 34. Qg2 Qf7 35. Bxb1 Rxb1 36. Qe4 Qb3 37. Ke2 Qc4+ 38. Kf2 Qa2 39. Ke2 Qc4+ 40. Kf2 Qa2 41. Ke2 Qc4+ 42. Qd3 Qxd3+ 43. Kxd3 Nd5 44. Ke4 Nb6 45. Kd3 Nd5 46. Rf1 Kg8 47. Ke4 Nb6 48. f5 Nc4 49. Bc3 d5+ 50. Kxd5 Rxd1 51. Rxd1 Ne3+ 52. Ke6 Nxd1 53. Bb4 Bf8 54. Bxe7 a5 55. d5 Bxe7 56. Kxe7 Ne3 57. d6 Nxf5+ 58. Kf6 Nd4 59. e6 Kf8 60. d7 Nc6 61. e7+ 1-0

[Event "RUS GP rap"]
[Site "Serpukhov"]
[Date "2018.02.23"]
[Round "2"]
[White "Volkov, Sergey"]
[Black "Cherenkov, Andrey"]
[Result "1-0"]
[WhiteElo "2612"]
[BlackElo "2177"]
[PlyCount "103"]
[EventDate "2018.02.23"]
[EventType "swiss (rapid)"]
[EventRounds "11"]
[EventCountry "RUS"]
[SourceTitle "CBM 183 Extra"]
[Source "ChessBase"]
[SourceDate "2018.04.19"]
[SourceVersion "1"]
[SourceVersionDate "2018.04.19"]
[SourceQuality "1"]

1. d4 Nf6 2. c4 e6 3. Nc3 d5 4. cxd5 exd5 5. Bg5 Be7 6. e3 Nbd7 7. Nf3 c6 8. Qc2 h6 9. Bf4 Nh5 10. Be5 Nxe5 11. dxe5 g6 12. 0-0-0 Qa5 13. Nd4 Ng7 14. Bd3 Bd7 15. f4 0-0-0 16. Kb1 Kb8 17. g3 Bg4 18. Rc1 c5 19. Nb3 Qb6 20. Na4 Qb4 21. Nbxc5 Rc8 22. a3 Qa5 23. b4 Qd8 24. h3 Bd7 25. Qb2 Bxa4 26. Nxa4 Rxc1+ 27. Rxc1 Qd7 28. Nc5 Bxc5 29. bxc5 Rc8 30. g4 Ne6 31. Bb5 Qc7 32. c6 Qb6 33. f5 gxf5 34. gxf5 Nc5 35. cxb7 Nxb7 36. Rxc8+ Kxc8 37. Be2 Nc5 38. Qxb6 axb6 39. Bb5 Ne4 40. Kc2 Kc7 41. h4 f6 42. Bd3 Nf2 43. exf6 Kd6 44. Kc3 Ng4 45. f7 Ke7 46. Kd4 Kxf7 47. Kxd5 Nxe3+ 48. Kc6 Ng2 49. Kxb6 Nxh4 50. a4 Nf3 51. a5 Ne5 52. Bb5 1-0

[Event "Moscow op-A 14th"]
[Site "Moscow"]
[Date "2018.02.02"]
[Round "7"]
[White "Cherenkov, Andrey"]
[Black "Pogosyan, Stefan"]
[Result "0-1"]
[WhiteElo "2177"]
[BlackElo "2312"]
[PlyCount "66"]
[EventDate "2018.01.27"]
[EventType "swiss"]
[EventRounds "9"]
[EventCountry "RUS"]
[SourceTitle "CBM 182 Extra"]
[Source "ChessBase"]
[SourceDate "2018.02.23"]
[SourceVersion "1"]
[SourceVersionDate "2018.02.23"]
[SourceQuality "1"]

1. e4 e5 2. Nf3 Nc6 3. Nc3 Nf6 4. d4 exd4 5. Nxd4 Bb4 6. Nxc6 bxc6 7. Bd3 d5 8. exd5 cxd5 9. 0-0 0-0 10. Bg5 c6 11. Qf3 Be7 12. Rae1 Rb8 13. Ne2 Rxb2 14. Nd4 Bd7 15. Nf5 Bxf5 16. Qxf5 g6 17. Qf3 Ne4 18. Bc1 Rxa2 19. Bxe4 dxe4 20. Qxe4 Bf6 21. Qxc6 Bg7 22. Qc4 Qa5 23. Re7 Qa4 24. Qxa4 Rxa4 25. Be3 Ra8 26. c4 a5 27. Rc1 Bb2 28. Rb1 Rb4 29. Bd2 Bc3 30. Rxb4 axb4 31. Bxc3 bxc3 32. Kf1 c2 33. Re1 Rb8 0-1

[Event "Moscow op-A 14th"]
[Site "Moscow"]
[Date "2018.01.30"]
[Round "4"]
[White "Assaubayeva, Bibissara"]
[Black "Cherenkov, Andrey"]
[Result "0-1"]
[WhiteElo "2381"]
[BlackElo "2177"]
[PlyCount "84"]
[EventDate "2018.01.27"]
[EventType "swiss"]
[EventRounds "9"]
[EventCountry "RUS"]
[SourceTitle "CBM 182 Extra"]
[Source "ChessBase"]
[SourceDate "2018.02.23"]
[SourceVersion "1"]
[SourceVersionDate "2018.02.23"]
[SourceQuality "1"]

1. d4 e6 2. c4 Nf6 3. Nf3 d5 4. Nc3 c5 5. cxd5 Nxd5 6. e4 Nxc3 7. bxc3 cxd4 8. cxd4 Bb4+ 9. Bd2 Bxd2+ 10. Qxd2 0-0 11. Bc4 Nd7 12. 0-0 b6 13. Rfe1 Bb7 14. Rad1 Nf6 15. Qf4 Rc8 16. Bb3 Qc7 17. Qh4 h6 18. Ne5 Rfd8 19. f3 Qc3 20. Rd3 Qb2 21. Qf2 Qxf2+ 22. Kxf2 Nd7 23. Nxd7 Rxd7 24. f4 Kf8 25. g4 Rcd8 26. Ke3 g5 27. fxg5 hxg5 28. Rc1 Kg7 29. Ba4 Re7 30. Bc6 Rh8 31. d5 exd5 32. Rxd5 Rc7 33. Rd7 Rxc6 34. Rf1 Rh3+ 35. Kd2 Rxh2+ 36. Kd1 Rf6 37. Rxf6 Kxf6 38. Rxb7 Rxa2 39. e5+ Ke6 40. Rb8 Kxe5 41. Rb7 Kf4 42. Rxf7+ Kxg4 0-1

[Event "Moscow op-A 14th"]
[Site "Moscow"]
[Date "2018.01.29"]
[Round "3"]
[White "Cherenkov, Andrey"]
[Black "Shapiro, David"]
[Result "1-0"]
[WhiteElo "2177"]
[BlackElo "2328"]
[PlyCount "29"]
[EventDate "2018.01.27"]
[EventType "swiss"]
[EventRounds "9"]
[EventCountry "RUS"]
[SourceTitle "CBM 182 Extra"]
[Source "ChessBase"]
[SourceDate "2018.02.23"]
[SourceVersion "1"]
[SourceVersionDate "2018.02.23"]
[SourceQuality "1"]

1. e4 c6 2. d4 d5 3. Nc3 g6 4. e5 h5 5. Nf3 Bh6 6. Ng5 Bg4 7. f3 Bf5 8. g4 Bxg5 9. Bxg5 Be6 10. Be2 Qb6 11. Qd2 Nd7 12. 0-0-0 0-0-0 13. h3 f6 14. exf6 exf6 15. Na4 1-0

[Event "Moscow-ch"]
[Site "Moscow"]
[Date "2017.04.03"]
[Round "3"]
[White "Denishev, Marat"]
[Black "Cherenkov, Andrey"]
[Result "1/2-1/2"]
[WhiteElo "2333"]
[BlackElo "2190"]
[PlyCount "58"]
[EventDate "2017.04.01"]
[EventType "swiss"]
[EventRounds "9"]
[EventCountry "RUS"]
[SourceTitle "CBM 177 Extra"]
[Source "ChessBase"]
[SourceDate "2017.04.27"]
[SourceVersion "1"]
[SourceVersionDate "2017.04.27"]
[SourceQuality "1"]

1. d4 d5 2. c4 c6 3. Nc3 dxc4 4. e4 b5 5. Nf3 e6 6. Be2 Nf6 7. a3 Bb7 8. 0-0 a6 9. b3 c5 10. bxc4 bxc4 11. d5 exd5 12. exd5 Bxd5 13. Bg5 Be6 14. Qxd8+ Kxd8 15. Ne5 Bd6 16. Nxc4 Bc7 17. Rfd1+ Nbd7 18. Nd5 Bxd5 19. Rxd5 Ke8 20. Bxf6 gxf6 21. Re1 Rd8 22. Bg4+ Ne5 23. Rxc5 Bb8 24. Rc6 Kf8 25. Nxe5 Bxe5 26. Rxa6 Kg7 27. g3 Ra8 28. Rxa8 Rxa8 29. Re3 Bd6 1/2-1/2

[Event "RUS-chT2"]
[Site "Sochi"]
[Date "2016.05.10"]
[Round "9.9"]
[White "Parfenov, Viktor N"]
[Black "Cherenkov, Andrey"]
[Result "1-0"]
[WhiteElo "2167"]
[BlackElo "2207"]
[PlyCount "97"]
[EventDate "2016.05.01"]
[EventType "team-swiss"]
[EventRounds "9"]
[EventCountry "RUS"]
[SourceTitle "EXT 2018"]
[Source "ChessBase"]
[SourceDate "2017.10.13"]
[SourceVersion "1"]
[SourceVersionDate "2017.10.13"]
[SourceQuality "1"]
[WhiteTeam "Desnogorsk Atom"]
[BlackTeam "Moscow Youth"]
[WhiteTeamCountry "RUS"]
[BlackTeamCountry "RUS"]

1. d4 d5 2. Bf4 e6 3. e3 Bd6 4. Bxd6 cxd6 5. Qg4 Qf6 6. Qg3 e5 7. Nc3 Ne7 8. Nb5 Na6 9. Nf3 Nf5 10. Qg5 Qxg5 11. Nxg5 f6 12. Nf3 Ke7 13. 0-0-0 Be6 14. g4 Nh6 15. g5 Ng4 16. Rd2 e4 17. gxf6+ Nxf6 18. Ng5 Bg4 19. Nh3 h6 20. Nf4 Kd7 21. Rg1 h5 22. h3 g5 23. Ng6 Rh6 24. Ne5+ Ke6 25. hxg4 dxe5 26. gxh5 Rxh5 27. Be2 Rh2 28. Rxg5 exd4 29. Nxd4+ Kf7 30. Bxa6 bxa6 31. b3 Rg8 32. Rxg8 Kxg8 33. Ne6 Kf7 34. Nf4 Ng4 35. Nxd5 Nxf2 36. Kb2 Ke6 37. Ka3 Kf5 38. c4 Kg4 39. c5 Kf3 40. c6 Rh8 41. Rxf2+ Kxf2 42. c7 Ke2 43. Kb4 Kd3 44. Ka5 Rc8 45. Kxa6 Rxc7 46. Nxc7 Kxe3 47. Ne6 Kd2 48. Kxa7 e3 49. Nf4 1-0

[Event "EU-ch rapid"]
[Site "Minsk"]
[Date "2015.12.19"]
[Round "4"]
[White "Cherenkov, Andrey"]
[Black "Loginov, Valery A"]
[Result "0-1"]
[WhiteElo "2225"]
[BlackElo "2486"]
[PlyCount "74"]
[EventDate "2015.12.19"]
[EventType "swiss (rapid)"]
[EventRounds "11"]
[EventCountry "BLR"]
[SourceTitle "EXT 2017"]
[Source "ChessBase"]
[SourceDate "2016.10.25"]
[SourceVersion "1"]
[SourceVersionDate "2016.10.25"]
[SourceQuality "1"]

1. e4 c5 2. Nc3 Nc6 3. g3 g6 4. Bg2 Bg7 5. d3 d6 6. Be3 e5 7. Qd2 Be6 8. Nge2 Qd7 9. h4 h5 10. 0-0-0 Nge7 11. f3 Nd4 12. f4 Rc8 13. Nd5 Nxd5 14. exd5 Bg4 15. Bxd4 cxd4 16. Kb1 0-0 17. Rdf1 Rc5 18. Nc1 Rfc8 19. Nb3 Rxc2 20. Qxc2 Rxc2 21. Kxc2 Qc7+ 22. Kb1 Be2 23. Rc1 Bxd3+ 24. Ka1 Qb6 25. Nd2 exf4 26. Rc8+ Kh7 27. Nf3 Bf6 28. Re1 Bb5 29. Ng5+ Kg7 30. Ne4 Be5 31. gxf4 Bxf4 32. Bf1 d3 33. Rd1 Bd7 34. Rc4 Bg4 35. Rb1 d2 36. Nc3 Be5 37. Be2 Bxe2 0-1

[Event "EU-ch rapid"]
[Site "Minsk"]
[Date "2015.12.19"]
[Round "3"]
[White "Teterev, Vitaly"]
[Black "Cherenkov, Andrey"]
[Result "1/2-1/2"]
[WhiteElo "2494"]
[BlackElo "2225"]
[PlyCount "94"]
[EventDate "2015.12.19"]
[EventType "swiss (rapid)"]
[EventRounds "11"]
[EventCountry "BLR"]
[SourceTitle "EXT 2017"]
[Source "ChessBase"]
[SourceDate "2016.10.25"]
[SourceVersion "1"]
[SourceVersionDate "2016.10.25"]
[SourceQuality "1"]

1. Nf3 d5 2. g3 Nd7 3. d4 e6 4. Bg2 Bd6 5. c4 c6 6. Qc2 f5 7. cxd5 cxd5 8. Nc3 Ngf6 9. 0-0 0-0 10. Nb5 Bb8 11. Bf4 Bxf4 12. gxf4 Nb6 13. Nc7 Rb8 14. Ng5 Qd6 15. Qc5 Rd8 16. Qxd6 Rxd6 17. Nb5 Rc6 18. Rfc1 Bd7 19. Rxc6 Bxc6 20. Nc3 Bd7 21. Rc1 Rc8 22. e3 Na4 23. Rb1 Nxc3 24. bxc3 h6 25. Nh3 b5 26. Bf1 a6 27. f3 Rxc3 28. Nf2 Rxe3 29. Nd3 Rxf3 30. Re1 Ng4 31. Kg2 Re3 32. Rc1 Re4 33. Nc5 Rxd4 34. Nxd7 Rxf4 35. Kg3 g5 36. Be2 Nf2 37. Bf3 Ng4 38. Rc7 h5 39. h3 h4+ 40. Kg2 Ne3+ 41. Kf2 Nc4 42. Nf6+ Kf8 43. Rd7 Rxf3+ 44. Kg2 Rg3+ 45. Kh2 Ne5 46. Nh7+ Ke8 47. Nf6+ Kf8 1/2-1/2

[Event "Moscow Victory Day-C"]
[Site "Moscow"]
[Date "2011.05.23"]
[Round "12"]
[White "Cherenkov, Andrey"]
[Black "Pasalic, Harun"]
[Result "0-1"]
[WhiteElo "2235"]
[BlackElo "2199"]
[PlyCount "96"]
[EventDate "2011.05.10"]
[EventType "tourn"]
[EventRounds "13"]
[EventCountry "RUS"]
[EventCategory "2"]
[SourceTitle "EXT 2012"]
[Source "ChessBase"]
[SourceDate "2011.11.24"]
[SourceVersion "1"]
[SourceVersionDate "2011.11.24"]
[SourceQuality "1"]

1. e4 c5 2. Nf3 Nc6 3. d4 cxd4 4. Nxd4 g6 5. Nc3 Bg7 6. Be3 Nf6 7. f3 0-0 8. Qd2 d5 9. exd5 Nxd5 10. Nxc6 bxc6 11. Bd4 Bxd4 12. Qxd4 e5 13. Qc5 Nxc3 14. Qxc3 e4 15. Be2 exf3 16. Qxf3 Qh4+ 17. g3 Qb4+ 18. Qc3 Qxc3+ 19. bxc3 Re8 20. Kf2 Re5 21. Rhd1 Be6 22. a4 Rb8 23. a5 Rc5 24. Ra3 h5 25. Rd4 Rf5+ 26. Ke3 c5 27. Re4 Bd5 28. Rf4 Re5+ 29. Kd2 Rd8 30. Bf1 g5 31. Rf2 Be6+ 32. Bd3 c4 33. Ra4 cxd3 34. cxd3 Rdd5 35. a6 Ra5 36. Rxa5 Rxa5 37. Ke3 Rxa6 38. c4 Kf8 39. Rc2 Ra3 40. Ke4 Rxd3 41. c5 Ke7 42. c6 Kd8 43. Rc5 Rd5 44. Rxd5+ Bxd5+ 45. Kxd5 a5 46. Kc5 f5 47. Kb6 Kc8 48. Kxa5 f4 0-1

[Event "Kostroma Volga Cup"]
[Site "Kostroma"]
[Date "2010.07.08"]
[Round "9.1"]
[White "Cherenkov, Andrey"]
[Black "Shkalov, Oleg"]
[Result "1-0"]
[WhiteElo "2180"]
[BlackElo "2267"]
[PlyCount "93"]
[EventDate "2010.07.03"]
[EventType "tourn"]
[EventRounds "13"]
[EventCountry "RUS"]
[EventCategory "2"]
[SourceTitle "EXT 2011"]
[Source "ChessBase"]
[SourceDate "2010.11.26"]
[SourceVersion "1"]
[SourceVersionDate "2010.11.26"]
[SourceQuality "1"]

1. e4 c5 2. Nc3 Nc6 3. g3 e6 4. Bg2 Nf6 5. Nge2 d5 6. exd5 exd5 7. d4 cxd4 8. Nxd4 Bb4 9. 0-0 Bxc3 10. bxc3 0-0 11. c4 Bg4 12. Qd2 Nxd4 13. Qxd4 Be2 14. cxd5 Bxf1 15. Kxf1 Rc8 16. c4 Qb6 17. Qxb6 axb6 18. Ba3 Rfe8 19. Rc1 Ne4 20. d6 Rxc4 21. d7 Nd2+ 22. Kg1 Rxc1+ 23. Bxc1 Rd8 24. Bxd2 Rxd7 25. Bb4 f5 26. f4 h6 27. Kf2 g5 28. Ke3 Kf7 29. h4 gxf4+ 30. gxf4 b5 31. h5 Ke6 32. Bf8 Rf7 33. Bb4 Rc7 34. a3 Rg7 35. Bf3 b6 36. Be2 Kd5 37. Bf8 Rc7 38. Bxb5 Rc3+ 39. Bd3 Rb3 40. a4 Ke6 41. Bxh6 Ra3 42. Bg7 Kf7 43. Bd4 Rxa4 44. Bxf5 Ra3+ 45. Bd3 Ra8 46. h6 Re8+ 47. Be4 1-0

[Event "Voronezh op-A 14th"]
[Site "Voronezh"]
[Date "2010.06.19"]
[Round "7"]
[White "Tomnikova, Lidia"]
[Black "Cherenkov, Andrey"]
[Result "1-0"]
[WhiteElo "2116"]
[BlackElo "2205"]
[PlyCount "85"]
[EventDate "2010.06.12"]
[EventType "swiss"]
[EventRounds "9"]
[EventCountry "RUS"]
[SourceTitle "CBM 137 Extra"]
[Source "ChessBase"]
[SourceDate "2010.09.01"]
[SourceVersion "1"]
[SourceVersionDate "2010.09.01"]
[SourceQuality "1"]

1. e4 c6 2. d4 d5 3. e5 c5 4. Nc3 cxd4 5. Qxd4 e6 6. f4 Nc6 7. Qf2 Qa5 8. Nf3 Bb4 9. Bd2 b6 10. Nb5 Kf8 11. c3 Bc5 12. Be3 Bxe3 13. Qxe3 a6 14. Nd6 Nge7 15. a4 Qc5 16. Qd2 Nf5 17. Nxc8 Rxc8 18. Bxa6 Rc7 19. b4 Qe3+ 20. Qxe3 Nxe3 21. Kf2 Ng4+ 22. Ke2 Nb8 23. Bd3 Ke7 24. Rhc1 Rhc8 25. h3 Nh6 26. Kd2 f5 27. Nd4 Nf7 28. Nb5 Rd7 29. a5 bxa5 30. Rxa5 Nc6 31. Ra6 Rb7 32. Rb1 g5 33. g3 h5 34. h4 gxf4 35. gxf4 Nb8 36. Raa1 Rg8 37. Rg1 Rg4 38. Be2 Rxh4 39. Rg7 Kf8 40. Rag1 Nc6 41. Rg8+ Ke7 42. R1g7 Rxb5 43. Bxb5 1-0

[Event "Kostroma Volga Cup"]
[Site "Kostroma"]
[Date "2008.07.04"]
[Round "3"]
[White "Cherenkov, Andrey"]
[Black "Vorontsov, Nikolay"]
[Result "0-1"]
[WhiteElo "2232"]
[BlackElo "2289"]
[PlyCount "44"]
[EventDate "2008.07.02"]
[EventType "tourn"]
[EventRounds "11"]
[EventCountry "RUS"]
[EventCategory "2"]
[SourceTitle "CBM 125 Extra"]
[Source "ChessBase"]
[SourceDate "2008.09.01"]
[SourceVersion "1"]
[SourceVersionDate "2008.09.01"]
[SourceQuality "1"]

1. e4 c6 2. d4 d5 3. f3 dxe4 4. fxe4 e5 5. Nf3 Bg4 6. Bc4 Nd7 7. 0-0 Ngf6 8. Be3 Bd6 9. Nc3 0-0 10. d5 Nb6 11. Bb3 cxd5 12. Nxd5 Nbxd5 13. Bxd5 Nxd5 14. Qxd5 Qc7 15. c4 Rad8 16. c5 Bxf3 17. Rxf3 Be7 18. Qc4 Qd7 19. Bf2 Qd2 20. b4 Qb2 21. Qc3 Rd2 22. b5 Rxf2 0-1

[Event "Kostroma Volga Cup"]
[Site "Kostroma"]
[Date "2008.07.03"]
[Round "2"]
[White "Korneevets, Alexander"]
[Black "Cherenkov, Andrey"]
[Result "1-0"]
[WhiteElo "2302"]
[BlackElo "2232"]
[PlyCount "65"]
[EventDate "2008.07.02"]
[EventType "tourn"]
[EventRounds "11"]
[EventCountry "RUS"]
[EventCategory "2"]
[SourceTitle "CBM 125 Extra"]
[Source "ChessBase"]
[SourceDate "2008.09.01"]
[SourceVersion "1"]
[SourceVersionDate "2008.09.01"]
[SourceQuality "1"]

1. Nf3 d5 2. d4 Nf6 3. c4 c6 4. Nc3 a6 5. e3 b5 6. b3 e6 7. Bd3 Be7 8. 0-0 0-0 9. Ne5 Nfd7 10. f4 Nxe5 11. fxe5 f5 12. exf6 Rxf6 13. Bb2 Rxf1+ 14. Qxf1 Bf6 15. Qf3 Nd7 16. cxd5 b4 17. Ne2 cxd5 18. e4 Nc5 19. e5 Nxd3 20. exf6 Nxb2 21. f7+ Kf8 22. Rf1 Qg5 23. Nf4 Ra7 24. Qe3 Qd8 25. Ng6+ hxg6 26. Qh3 Qf6 27. Rxf6 gxf6 28. Qh8+ Kxf7 29. Qh7+ Ke8 30. Qxa7 Nd3 31. Qb8 Kd7 32. Qg3 Nc1 33. Qf2 1-0

[Event "Moscow op-B 04th"]
[Site "Moscow"]
[Date "2008.02.09"]
[Round "8"]
[White "Cherenkov, Andrey"]
[Black "Savin, Boris"]
[Result "1/2-1/2"]
[WhiteElo "2242"]
[BlackElo "2128"]
[PlyCount "56"]
[EventDate "2008.02.02"]
[EventType "swiss"]
[EventRounds "9"]
[EventCountry "RUS"]
[SourceTitle "CBM 122 Extra"]
[Source "ChessBase"]
[SourceDate "2008.03.04"]
[SourceVersion "1"]
[SourceVersionDate "2008.03.04"]
[SourceQuality "1"]

1. e4 Nf6 2. Nc3 d5 3. e5 d4 4. Nce2 Ng4 5. f4 c5 6. Nf3 Nc6 7. Ng3 e6 8. Bc4 Be7 9. Ng5 Ngxe5 10. Nxe6 Bxe6 11. Bxe6 fxe6 12. fxe5 0-0 13. d3 Qd5 14. Qe2 Nxe5 15. Ne4 Bh4+ 16. g3 Be7 17. Bf4 Ng6 18. Bd2 Rac8 19. b3 b5 20. h4 h6 21. h5 Ne5 22. Bf4 Nd7 23. 0-0 Nf6 24. Nxf6+ Bxf6 25. Rae1 Rce8 26. Qg4 Qf5 27. Qxf5 exf5 28. Rxe8 Rxe8 1/2-1/2

[Event "Moscow op-B 04th"]
[Site "Moscow"]
[Date "2008.02.06"]
[Round "5"]
[White "Elishev, Ivan"]
[Black "Cherenkov, Andrey"]
[Result "1-0"]
[WhiteElo "2120"]
[BlackElo "2242"]
[PlyCount "73"]
[EventDate "2008.02.02"]
[EventType "swiss"]
[EventRounds "9"]
[EventCountry "RUS"]
[SourceTitle "CBM 122 Extra"]
[Source "ChessBase"]
[SourceDate "2008.03.04"]
[SourceVersion "1"]
[SourceVersionDate "2008.03.04"]
[SourceQuality "1"]

1. e4 c6 2. d4 d5 3. c4 dxe4 4. Nc3 Bf5 5. f3 Nf6 6. g4 Bg6 7. g5 Nfd7 8. fxe4 e5 9. d5 Bb4 10. Bd3 Nc5 11. Qe2 b5 12. Bc2 0-0 13. h4 Qa5 14. Bd2 f6 15. h5 Be8 16. g6 bxc4 17. Qxc4 hxg6 18. hxg6 Bxg6 19. d6+ Rf7 20. Qe2 Rd7 21. Qg4 Kf7 22. Nf3 Rxd6 23. Rg1 f5 24. Nxe5+ Ke8 25. exf5 Nb3 26. Nc4 Nxa1 27. Nxd6+ Kf8 28. Qxg6 Qe5+ 29. Kd1 Bxd6 30. Re1 Nxc2 31. Rxe5 Bxe5 32. Kxc2 Na6 33. a3 Nc7 34. Be3 Nd5 35. Nxd5 cxd5 36. Bc5+ Kg8 37. Qe6+ 1-0